El principio de presuncin̤ de inocencia y la probable responsabilidad

Detalles Bibliográficos
Autor principal: Uribe Bent̕ez, Óscar
Formato: eBook
Lenguaje:español
Publicado: Ciudad de Mx̌ico: Cm̀ara de Diputados, 2007
Materias:
Acceso en línea:Acceso restringido

MARC

LEADER 00000nam a22000007a 4500
005 20170905001933.0
007 cr|||| ||||
008 170905s2007 mx |||||s||||f00||0 spa d
035 |a 20513 
040 |a vLex 
090 |c 6914  |d 6914 
100 1 |a Uribe Bent̕ez, Óscar 
245 1 2 |a El principio de presuncin̤ de inocencia y la probable responsabilidad  |h [Recurso electrn̤ico] /  |c Óscar Uribe Bent̕ez 
256 |a Servicio en ln̕ea 
260 |a Ciudad de Mx̌ico:  |b Cm̀ara de Diputados,  |c 2007 
300 |a 1 recurso electrn̤ico (69 p.) 
506 1 |a Disponible solo en los productos indicados  |d vLex Global  |d vLex Global (Academic Edition, excluding Law Schools)  |d vLex Global (U.S. Academic Edition, Law Schools)  |d vLex Global (U.S. Academic Edition, excluding Law Schools)  |d vLex Global (Academic Edition, Law Schools) 
650 0 4 |a Derecho Penal  |z Mx̌ico 
650 0 4 |a Derecho Constitucional  |z Mx̌ico 
650 0 4 |a Derecho Procesal  |z Mx̌ico 
740 0 |a vLex Libros (Servicio en ln̕ea) 
856 4 0 |u http://vlex.com/source/principio-presuncion-inocencia-probable-responsabilidad-20513  |z Acceso restringido 
942 |c BOOK 
999 0 |a Criminal Law 
999 0 |a Constitutional Law 
999 0 |a Procedural Law